000 00774nam a2200193 i 4500
001 167326
003 ES-MaACL
005 20250818063113.0
008 030731q18701920sp a |||| | spa d
040 _aCAM
_bspa
_cCAM
100 1 _aVerne, Jules,
_d1828-1905
_9188654
245 1 3 _aLa vuelta al mundo en ochenta días /
_cobra escrita en francés por Julio Verne; versión española.
250 _aEd. il. con grab.
260 _aMadrid :
_bSáenz de Jubera hermanos,
_c[s.a.] (
_fEstablecimiento tipográfico Sucesores de Rivadeneyra)
300 _a2 v. (53, 55 p.) :
_bil. ;
_c27 cm.
596 _aProbablemente impreso entre 1870 y 1920.
852 _aES-MaACL
_jB-12400(8,9)
_z-- Enc. ed. en tela roja con planchas polícromas
999 _c167326
_d167326